Statystyki dla Najpopularniejsze gry z krajów

Kliknij tutaj aby rozwiązać quiz!

Ogólne statystyki

  • Ten quiz został rozwiązany 89 razy
  • Średni wynik to 7 z 15

Statystyki odpowiedzi

HintOdpowiedź% Poprawnych
RobloxUsa
95%
FortniteUsa
95%
MinecraftSzwecja
81%
MarioJaponia
69%
SonicJaponia
69%
LegoChiny
67%
Subway surfersDania
51%
Clash od clansFinlandia
51%
Fruit ninjaAustralia
35%
FifaSzwajcaria
26%
HitmastersBiałoruś
17%
Kick the buddyBiałoruś
17%
Flappy birdWietnam
15%
My talking tomSłowenia
14%
Candy crush sagaMalta
4%

Rozkład punktacji

Percentyl według liczby udzielonych odpowiedzi

Procent ludzi z każdym wynikiem

Twoja historia wyników

Nie rozwiązałeś tego quizu